La réorganisation de la France (Record no. 114704)

MARC details
000 -LEADER
campo de control de longitud fija 01368nam a2200253 i 4500
001 - NÚMERO DE CONTROL
campo de control 114704
003 - IDENTIFICADOR DE NÚMERO DE CONTROL
campo de control ES-MaACL
005 - FECHA Y HORA DE LA ÚLTIMA TRANSACCIÓN
campo de control 20230906190231.0
007 - CAMPO FIJO DE DESCRIPCIÓN FÍSICA--INFORMACIÓN GENERAL
campo de control de longitud fija t|
008 - DATOS DE LONGITUD FIJA--INFORMACIÓN GENERAL
campo de control de longitud fija 070321s1917 fr ||||1| fre d
245 03 - MENCIÓN DEL TÍTULO
Título La réorganisation de la France
Resto del título : conférences faites áa l'Ecole des Hautes Etudes Sociales (novembre 1915 áa janvier 1916) /
Mención de responsabilidad, etc. par MM. Ch. Seignobos ... Ch. Chaumet [etc.] ...
260 ## - PUBLICACIÓN, DISTRIBUCIÓN, ETC.
Lugar de publicación, distribución, etc. Paris :
Nombre del editor, distribuidor, etc. Félix Alcan,
Fecha de publicación, distribución, etc. 1917.
300 ## - DESCRIPCIÓN FÍSICA
Extensión 275 p. ;
Dimensiones 19 cm.
505 8# - NOTA DE CONTENIDO CON FORMATO
Nota de contenido con formato Contiene: I-II. La politique intérieure ; La politique extérieure / par Ch. Seignobos -- III. Le développement économique / par Charles Chaumet -- IV. L'organisation de l'industrie après la guerre / par R. Legouez -- V. L'agriculture après la guerre. La terre de France / par Marcel Vacher -- VI. Le beau, le vrai, l'utile et la réorganisation de la France / par Adolphe Dervaux -- VII. La reconstitution de la population française / par Charles Gide.
650 14 - PUNTO DE ACCESO ADICIONAL DE MATERIA--TÉRMINO DE MATERIA
Término de materia o nombre geográfico como elemento de entrada Guerra mundial, 1914-1918-
Subdivisión general Aspectos económicos.
9 (RLIN) 13213
650 14 - PUNTO DE ACCESO ADICIONAL DE MATERIA--TÉRMINO DE MATERIA
Término de materia o nombre geográfico como elemento de entrada Guerra mundial, 1914-1918-
Subdivisión geográfica Francia.
9 (RLIN) 13219
700 1# - ENTRADA AGREGADA--NOMBRE PERSONAL
Nombre de persona Seignobos, Charles (
Fechas asociadas al nombre 1854-1942)
9 (RLIN) 105259
700 1# - ENTRADA AGREGADA--NOMBRE PERSONAL
Nombre de persona Chaumet, Charles.
9 (RLIN) 38207
700 1# - ENTRADA AGREGADA--NOMBRE PERSONAL
Nombre de persona Legouez, R.
9 (RLIN) 71288
700 1# - ENTRADA AGREGADA--NOMBRE PERSONAL
Nombre de persona Vacher, Marcel.
9 (RLIN) 112374
700 1# - ENTRADA AGREGADA--NOMBRE PERSONAL
Nombre de persona Dervaux, Adolphe.
9 (RLIN) 43803
700 1# - ENTRADA AGREGADA--NOMBRE PERSONAL
Nombre de persona Gide, Charles.
9 (RLIN) 56675
852 ## - LOCALIZACIÓN
Ubicación ES-MaACL
Número de control de estantería F-10538
Holdings
Estatus retirado Estado de pérdida Estado de daño No para préstamo Biblioteca de origen Biblioteca actual Ubicación en estantería Fecha de adquisición Fuente de adquisición Total de préstamos Signatura topográfica completa Código de barras Visto por última vez Precio de reemplazo Tipo de ítem Koha
        Biblioteca del Ateneo de Madrid Biblioteca del Ateneo de Madrid Sala Pecera Planta 2 17/01/2008     F-10538 1119616 23/02/2023 23/02/2023 Libro impreso